00479nam a22001577a 450000500170000001000170001702000260003403500170006003700180007708200160009510000190011124500780013026000390020827000520024730000220029920130501143255.0 aB-508547-579 a9788129120212c140.00 aB-508547-579 bK. K. Pub/Ven a303.4840954 aBhagat, Chetan aWhat Young India Wants :b selected essays and columns/cby Chetan Bhagat aNew DelhibRupa Publicationsc2012 a7/16, Ansari Rd., DaryaganjbNew Delhie110 002 a181p.c20cm (pbk)